Кн. 1 : Химические методы анализа; Аналитическая химия

書誌詳細
Parent link:Аналитическая химия: учебник и практикум для прикладного бакалавриата/ Э. А. Александрова, Н. Г. Гайдукова; Кубанский государственный аграрный университет. Кн. 1 : Химические методы анализа.— 2-е изд., испр. и доп..— , 2014.— 978-5-9916-4235-4
要約:В книге 1 представлена современная теория и практика химического анализа агросистем, включая метрологию, методы пробоотбора и пробоподготовки, качественный и количественный анализ сельскохозяйственных объектов. Дано описание и изображение необходимой лабораторной посуды и оборудования, приведены способы статистической обработки результатов количественного анализа. Рассмотрены классические методы: гравиметрический и титриметрические (нейтрализации, осадительного титрования, комплексометрического и окислительно-восстановительного), указаны возможности использования их в сельскохозяйственном анализе и агроэкологическом мониторинге. В конце глав приведены вопросы, разбираются типовые задачи и их решения. Соответствует Федеральному государственному образовательному стандарту высшего образования четвертого поколения. Для студентов агрономических и биологических специальностей высших учебных заведений. Полезно студентам нехимических специальностей, а также сотрудникам лабораторий АПК и природоохранных учреждений, научным работникам и аспирантам, связанным с выполнением химических анализов.
言語:ロシア語
出版事項: 2014
主題:
フォーマット: 図書
KOHA link:https://koha.lib.tpu.ru/cgi-bin/koha/opac-detail.pl?biblionumber=268116

MARC

LEADER 00000nam2a2200000 4500
001 268116
005 20231101234135.0
010 |a 9785991642330 
035 |a (RuTPU)RU\TPU\book\291243 
035 |a RU\TPU\book\232120 
090 |a 268116 
100 |a 20120327d2014 m y0rusy50 ca 
101 0 |a rus 
102 |a RU 
105 |a a j 001zy 
200 0 |a Кн. 1 : Химические методы анализа 
210 |d 2014 
215 |a 552 с.  |c ил. 
320 |a Библиогр.: с. 540-543. 
320 |a Словарь понятий: c. 518-525. 
330 |a В книге 1 представлена современная теория и практика химического анализа агросистем, включая метрологию, методы пробоотбора и пробоподготовки, качественный и количественный анализ сельскохозяйственных объектов. Дано описание и изображение необходимой лабораторной посуды и оборудования, приведены способы статистической обработки результатов количественного анализа. Рассмотрены классические методы: гравиметрический и титриметрические (нейтрализации, осадительного титрования, комплексометрического и окислительно-восстановительного), указаны возможности использования их в сельскохозяйственном анализе и агроэкологическом мониторинге. В конце глав приведены вопросы, разбираются типовые задачи и их решения. Соответствует Федеральному государственному образовательному стандарту высшего образования четвертого поколения. Для студентов агрономических и биологических специальностей высших учебных заведений. Полезно студентам нехимических специальностей, а также сотрудникам лабораторий АПК и природоохранных учреждений, научным работникам и аспирантам, связанным с выполнением химических анализов. 
461 1 |0 (RuTPU)RU\TPU\book\293423  |y 978-5-9916-4235-4  |t Аналитическая химия  |o учебник и практикум для прикладного бакалавриата  |o в 2 кн.  |f Э. А. Александрова, Н. Г. Гайдукова  |g Кубанский государственный аграрный университет  |v Кн. 1 : Химические методы анализа  |e 2-е изд., испр. и доп.  |d 2014  |s Бакалавр. Прикладной курс 
606 1 |a Аналитическая химия  |2 stltpush  |3 (RuTPU)RU\TPU\subj\67454  |9 83247 
610 1 |a пробоотбор 
610 1 |a пробоподготовка 
610 1 |a кислотно-основное равновесие 
610 1 |a окислительно-восстановительные реакции 
610 1 |a комплексные соединения 
610 1 |a химическое равновесие 
610 1 |a гетерогенные системы 
610 1 |a качественный анализ 
610 1 |a катионы 
610 1 |a обнаружение 
610 1 |a анионы 
610 1 |a объекты неизвестного состава 
610 1 |a количественный анализ 
610 1 |a гравиметрический анализ 
610 1 |a титриметрический анализ 
610 1 |a кислотно-основное титрование 
610 1 |a осадительное титрование 
610 1 |a комплексометрическое титрование 
610 1 |a окислительно-восстановительное титрование 
610 1 |a учебные пособия 
610 1 |a лабораторные практикумы 
675 |a 543(075.8)  |v 3 
801 1 |a RU  |b 63413507  |c 20140827 
801 2 |a RU  |b 63413507  |c 20160804  |g RCR 
900 |a Аналитическая химия 
942 |c BK 
951 |b 110100  |b 110400  |b 110500  |b 110900  |l 8.1 
959 |a 82/20140516  |d 5  |e 926,31  |f ЧЗТЛ:1  |f АНЛ:1  |f УФ:3